<?xml version="1.0" encoding="UTF-8"?>
<record
    xmlns:xsi="http://www.w3.org/2001/XMLSchema-instance"
    xsi:schemaLocation="http://www.loc.gov/MARC21/slim http://www.loc.gov/standards/marcxml/schema/MARC21slim.xsd"
    xmlns="http://www.loc.gov/MARC21/slim">

  <leader>00408nam a2200157Ia 4500</leader>
  <controlfield tag="005">20250415164451.0</controlfield>
  <controlfield tag="008">231217s9999    xx            000 0 und d</controlfield>
  <datafield tag="020" ind1=" " ind2=" ">
    <subfield code="a">9788125914273</subfield>
  </datafield>
  <datafield tag="082" ind1=" " ind2=" ">
    <subfield code="a">658.827  MOO;6</subfield>
  </datafield>
  <datafield tag="100" ind1=" " ind2=" ">
    <subfield code="a">Moorthi, Y L R.</subfield>
  </datafield>
  <datafield tag="245" ind1=" " ind2="0">
    <subfield code="a">Brand management : the Indian context</subfield>
  </datafield>
  <datafield tag="260" ind1=" " ind2=" ">
    <subfield code="c">2003</subfield>
    <subfield code="b">Vikas Publishing</subfield>
    <subfield code="a">Noida</subfield>
  </datafield>
  <datafield tag="300" ind1=" " ind2=" ">
    <subfield code="a">xi, 171</subfield>
  </datafield>
  <datafield tag="650" ind1=" " ind2=" ">
    <subfield code="a">Brand,management</subfield>
  </datafield>
  <datafield tag="942" ind1=" " ind2=" ">
    <subfield code="c">AA</subfield>
  </datafield>
  <datafield tag="999" ind1=" " ind2=" ">
    <subfield code="c">185676</subfield>
    <subfield code="d">185676</subfield>
  </datafield>
  <datafield tag="952" ind1=" " ind2=" ">
    <subfield code="r">2025-02-01 00:00:00</subfield>
    <subfield code="l">1</subfield>
    <subfield code="o">658.827  MOO;6</subfield>
    <subfield code="p">59605</subfield>
    <subfield code="W">20</subfield>
    <subfield code="s">2025-01-28</subfield>
    <subfield code="u">digital/contents/59605.pdf</subfield>
    <subfield code="v">240.00</subfield>
    <subfield code="w">2024-01-26</subfield>
    <subfield code="y">AA</subfield>
    <subfield code="1">0</subfield>
    <subfield code="4">0</subfield>
    <subfield code="7">0</subfield>
    <subfield code="8">CL</subfield>
    <subfield code="0">0</subfield>
    <subfield code="K">1011/0305</subfield>
    <subfield code="L">05/09/2014</subfield>
    <subfield code="a">ML</subfield>
    <subfield code="b">ML</subfield>
    <subfield code="c">CL</subfield>
    <subfield code="d">2010-06-18</subfield>
    <subfield code="e">Surya Infotainment Products Pvt. Ltd.</subfield>
    <subfield code="g">300.00</subfield>
    <subfield code="E">MBA</subfield>
    <subfield code="G">RS</subfield>
    <subfield code="F">1</subfield>
    <subfield code="V">60</subfield>
    <subfield code="U">Rupees</subfield>
  </datafield>
  <datafield tag="952" ind1=" " ind2=" ">
    <subfield code="r">2024-01-26 00:00:00</subfield>
    <subfield code="l">0</subfield>
    <subfield code="o">658.827  MOO;7</subfield>
    <subfield code="p">77357</subfield>
    <subfield code="W">20</subfield>
    <subfield code="u">digital/contents/59605.pdf</subfield>
    <subfield code="v">248.00</subfield>
    <subfield code="w">2024-01-26</subfield>
    <subfield code="y">AA</subfield>
    <subfield code="1">0</subfield>
    <subfield code="4">0</subfield>
    <subfield code="7">0</subfield>
    <subfield code="8">MBA</subfield>
    <subfield code="0">0</subfield>
    <subfield code="K">SIPHO/2010/CRB/1293</subfield>
    <subfield code="L">06/07/2015</subfield>
    <subfield code="a">ML</subfield>
    <subfield code="b">ML</subfield>
    <subfield code="c">MBA</subfield>
    <subfield code="d">2011-02-25</subfield>
    <subfield code="e">Surya Infotainment Products Pvt. Ltd.</subfield>
    <subfield code="g">310.00</subfield>
    <subfield code="E">MBA</subfield>
    <subfield code="G">RS</subfield>
    <subfield code="F">1</subfield>
    <subfield code="V">62</subfield>
    <subfield code="U">Rupees</subfield>
  </datafield>
  <datafield tag="952" ind1=" " ind2=" ">
    <subfield code="r">2024-01-26 00:00:00</subfield>
    <subfield code="l">0</subfield>
    <subfield code="o">658.827  MOO;8</subfield>
    <subfield code="p">77358</subfield>
    <subfield code="W">20</subfield>
    <subfield code="u">digital/contents/59605.pdf</subfield>
    <subfield code="v">248.00</subfield>
    <subfield code="w">2024-01-26</subfield>
    <subfield code="y">AA</subfield>
    <subfield code="1">0</subfield>
    <subfield code="4">0</subfield>
    <subfield code="7">0</subfield>
    <subfield code="8">MBA</subfield>
    <subfield code="0">0</subfield>
    <subfield code="K">SIPHO/2010/CRB/1293</subfield>
    <subfield code="L">30/09/2015</subfield>
    <subfield code="a">ML</subfield>
    <subfield code="b">ML</subfield>
    <subfield code="c">MBA</subfield>
    <subfield code="d">2011-02-25</subfield>
    <subfield code="e">Surya Infotainment Products Pvt. Ltd.</subfield>
    <subfield code="g">310.00</subfield>
    <subfield code="E">MBA</subfield>
    <subfield code="G">RS</subfield>
    <subfield code="F">1</subfield>
    <subfield code="V">62</subfield>
    <subfield code="U">Rupees</subfield>
  </datafield>
</record>
